| 000 | 00612nam a2200241Ia 4500 | ||
|---|---|---|---|
| 003 | IT-RoPAU | ||
| 008 | 120407s9999 xx 000 0 und d | ||
| 040 | _aIT-RoPAU | ||
| 040 | _cIT-RoPAU | ||
| 041 | _aita | ||
| 100 | _aLoris Francesco Capovilla | ||
| 100 | _ccur. | ||
| 245 | _aIl Giornale dell’anima e altri scritti di pietà di Giovanni XXIII, a cura di L.F. Capovilla | ||
| 250 | _aCinisello Balsamo | ||
| 260 | _aEdizioni Paoline | ||
| 260 | _c1989 | ||
| 300 | _a691 p. | ||
| 300 | _c21 cm | ||
| 490 | _aClassici del pensiero cristiano, 4 | ||
| 490 | _v1 | ||
| 942 | _cBK | ||
| 999 |
_c36409 _d36409 |
||